000
00209 a2200109 4500
020
_a
9780312318079
041
_a
eng
100
_a
Cristine Poulson
245
_a
Murder is Academi
942
_c
BK
952
_7
4
999
_c
16575
_d
16575